000 00644nam a2200253Ia 4500
003 OSt
005 20220912144928.0
006 a|||||r|||| 00| 0
007 ta
008 220909b |||||||| |||| 00| 0 eng d
024 _a67439
037 _cTextual
040 _aCSL
_beng
_cCSL
041 _aeng
082 _aB6M3, K9
100 _aChandrasekhar S
245 0 _aEllipsoidal figures of equilibrium
260 _aNew Haven
_bYale University
_c1969
300 _aix,252p.
_ccm.
650 _a Equilibrium
650 _aMathematics
942 _hB6M3, K9
_cTEXL
_2CC
999 _c19282
_d19282